Development of aluminium matrix composite using friction stir processing for its surface modification (Record no. 395471)

MARC details
000 -LEADER
fixed length control field 00536nam a22001817a 4500
005 - DATE & TIME
control field 20251215141442.0
008 - FIXED-LENGTH DATA ELEMENTS--GENERAL INFORMATION
fixed length control field 251215b |||||||| |||| 00| 0 eng d
040 ## - CATALOGING SOURCE
Original cataloging agency VIVEKANANDA LIBRARY
082 ## - DDC NUMBER
Classification number 621
Book Number A57D
100 ## - MAIN ENTRY--PERSONAL NAME
Personal name Amit Kumar
245 ## - TITLE STATEMENT
Title Development of aluminium matrix composite using friction stir processing for its surface modification
260 ## - PUBLICATION, DISTRIBUTION, ETC. (IMPRINT)
Name of publisher, distributor, etc Department of UIET, M D University, Rohtak
Date of publication, distribution, etc 2024
300 ## - PHYSICAL DESCRIPTION
Pages 143
650 ## - Subject
Subject Mechanical Engineering
650 ## - Subject
Subject Matrix Composite
700 ## - Added Entry Personal Name
Added Entry Personal Name Vineet Kumar
942 ## - ADDED ENTRY ELEMENTS (KOHA)
Koha item type Thesis
Holdings
Withdrawn status Lost status Source of classification or shelving scheme Damaged status Not for loan Location (home branch) Sublocation or collection (holding branch) Shelving location Date acquired Koha issues (times borrowed) Koha full call number Accession No. Koha date last seen Copy number Koha item type
    Dewey Decimal Classification     VIVEKANANDA LIBRARY VIVEKANANDA LIBRARY Vivekananda Library 15/12/2025   621 A57D 411020 15/12/2025 R Thesis
© Designed and Maintained by Vivekananda Library, MDU Rohtak